000 00821nam a2200229Ia 4500
005 20241129105908.0
008 241129s9999||||xx |||||||||||||| ||und||
020 _a978-93-87809-95-6
037 _aTB
040 _aARTS
_bhin
_cARTS
041 _ahin
_2hin
084 _aO152,6N33x R1
_qARTS
100 _aपल्लव, संपा.
245 0 _aसफ़री झोला: अजितकुमार के संपूर्ण यात्रा आख्यान
_cपल्लव, संपा.
250 _aदूसरा संस्करण
260 _aनई दिल्ली, भारत
_bकौटिल्य बुक्स
_c2023
300 _a375पृ0
365 _aINR
_b750
650 _aHindi Prose
942 _cTB
_hO152,6N33x R1
999 _c1226476
_d1226476